00392nam a2200145 a 450000500170000000800410001702000180005805000230007610000160009924500470011526000390016230000090020165000210021065000150023120140412111427.0090225s19uu xx 00 eng d a0-241-00300-8 aTR(PS EbVe62 1994 aCarle, Eric aThe Very Hungry Caterpillar /cEric Carle. aEngland :bHamish Hamilton,c1994. aunp. aDays of the week aLife cycle